| 000 | 00653nam a2200181Ia 4500 | ||
|---|---|---|---|
| 008 | 090630s9999 xx 000 0 und d | ||
| 082 | _b14575 | ||
| 100 | _aवाळिंबे शरच्चंद्र. | ||
| 245 |
_aहत्याकांड. _cवाळिंबे शरच्चंद्र. |
||
| 260 |
_bसागर - सातारा. _c1980 |
||
| 300 | _a80 | ||
| 600 | _aवाळिंबे शरच्चंद्र. | ||
| 630 | _aहत्याकांड. | ||
| 655 | _aलघुकथा. | ||
| 700 | _aवाळिंबे शरच्चंद्र. | ||
| 730 | _aहत्याकांड. | ||
| 942 | _cBOOK | ||
| 999 |
_c266431 _d266431 |
||